<?xml version="1.0" encoding="UTF-8"?>
<record
    xmlns:xsi="http://www.w3.org/2001/XMLSchema-instance"
    xsi:schemaLocation="http://www.loc.gov/MARC21/slim http://www.loc.gov/standards/marcxml/schema/MARC21slim.xsd"
    xmlns="http://www.loc.gov/MARC21/slim">

  <leader>00374    a2200109   4500</leader>
  <controlfield tag="001">ART_39670</controlfield>
  <controlfield tag="005">20260410162012.0</controlfield>
  <controlfield tag="008">260409a                                 </controlfield>
  <datafield tag="245" ind1="1" ind2="0">
    <subfield code="a">Recepci&#xF3;n del diploma de "Profesor Em&#xE9;rito"</subfield>
  </datafield>
  <datafield tag="100" ind1="1" ind2=" ">
    <subfield code="a">G&#xF3;mez Far&#xED;as, Alberto</subfield>
  </datafield>
  <datafield tag="773" ind1="0" ind2=" ">
    <subfield code="t">Propuestas para la sociedad, el gobierno y la producci&#xF3;n</subfield>
    <subfield code="g">- A&#xF1;o 5, N&#xBA; 9 (nov. 2001)</subfield>
    <subfield code="w">REV39547</subfield>
  </datafield>
  <datafield tag="999" ind1=" " ind2=" ">
    <subfield code="c">32298</subfield>
    <subfield code="d">32298</subfield>
  </datafield>
</record>
